A new doctrine of insecurity? U.S. military deployment in south America /

Salvato in:
Dettagli Bibliografici
Autore principale: Tokatlian, Juan Gabriel
Natura: testo
Tags: Aggiungi Tag
Nessun Tag, puoi essere il primo ad aggiungerne!!

MARC

LEADER 00000 a a2200000 04500
001 10085
003
040
100 |a Tokatlian, Juan Gabriel  
245 |a A new doctrine of insecurity? U.S. military deployment in south America /  |c Juan Gabriel Tokatlian 
773 |g volumen 41, número 5; páginas 6-10  
999 |c 39139  |d 39139